000 00623nam a2200205 a 4500
005 20210219153053.0
008 991125n 000 0 eng u
035 _aUPN01000075859
100 1 _aMarsh, Herbert W.
222 _aSOCIOLOGY OF EDUCATION
245 _aEmployment during high school : character building or a subversion of academic goals?
300 _a172-189
362 _a1991 64, no. 3
653 0 _aESTUDIANTE TRABAJADOR
653 0 _aESTUDIANTES DEL CENTRO DE ENSE\197ANZA
653 0 _aMOTIVACION DEL ESTUDIANTE
653 0 _aRENDIMIENTO ACADEMICO
904 _aAC
_b013670
905 _aArticulo
999 _c67671
_d67671